000 00435nam a2200145 4500
001 117115
003 ES-MaACL
007 t|
008 071121s1911 sp r ||||1| spa d
100 1 _aPeña, Enrique.
_990217
245 1 0 _aDon Jacinto de Lariz
_b: turbulencias de un gobierno en el río de la Plata : 1646-1653 /
_cEnrique Peña.
260 _aMadrid :
_bSuárez,
_c1911.
300 _a171 ;
_c25 cm.
852 _aES-MaACL
_jG-5936
999 _c117115
_d117115